000 00711nam a2200241 a 4500
001 BRL_390
005 20190320210723.0
008 060813s1948----mx-a######---#000-0#spa-#
041 _aspa
044 _amx
050 4 _aF1435.3.C14
_b.G57 1948
100 1 _aGirard, Rafael
_923753
245 1 0 _aEl calendario maya-mexica
_borigen, función, desarrollo y lugar de procedencia
_cRafael Girard.
260 _aMéxico
_bEditorial Stylo
_c1948
300 _a195 p.
_bil., 1 mapa
_c25 cm.
440 0 _aColección Cultura Precolombina
_923754
500 _aAu374
650 1 4 _aCalendario maya
_98075
650 1 4 _aAstronomía maya
_923755
650 1 4 _aCronología maya
_923756
902 _aGRL
942 _2lcc
_cB
999 _c9203
_d9203